Teaching Tolerance in a Globalized World (Record no. 24764)

MARC details
000 -LEADER
fixed length control field 00873nam a2200121Ia 4500
008 - FIXED-LENGTH DATA ELEMENTS--GENERAL INFORMATION
fixed length control field 220620s9999||||xx |||||||||||||| ||und||
245 #0 - TITLE STATEMENT
Title Teaching Tolerance in a Globalized World
546 ## - LANGUAGE NOTE
Language note English[eng]
650 ## - SUBJECT ADDED ENTRY--TOPICAL TERM
Topical term or geographic name entry element Attitudes towards diversity||International large-scale assessment||International Civic and Citizenship Study||ICCS||Comparative and international education||School segregation||Intergenerational transmission of inequality||Open classroom for discussion||Measurement invariance||Multilevel Structural Equation Modelling||Tolerance
700 ## - ADDED ENTRY--PERSONAL NAME
Personal name Sandoval-Hernández, Andrés||Isac, Maria Magdalena||Miranda, Daniel
856 ## - ELECTRONIC LOCATION AND ACCESS
Uniform Resource Identifier <a href="https://library.oapen.org/bitstream/20.500.12657/27945/1/1002054.pdf||https://library.oapen.org/bitstream/20.500.12657/27945/1/1002054.pdf||https://library.oapen.org/bitstream/20.500.12657/27945/1/1002054.pdf">https://library.oapen.org/bitstream/20.500.12657/27945/1/1002054.pdf||https://library.oapen.org/bitstream/20.500.12657/27945/1/1002054.pdf||https://library.oapen.org/bitstream/20.500.12657/27945/1/1002054.pdf</a>
942 ## - ADDED ENTRY ELEMENTS (KOHA)
Koha item type E-Books
Holdings
Withdrawn status Lost status Damaged status Not for loan Home library Current library Date acquired Total Checkouts Date last seen Price effective from Koha item type
        Kerala University of Digital Sciences, Innovation and Technology Knowledge Centre Kerala University of Digital Sciences, Innovation and Technology Knowledge Centre 20/06/2022   20/06/2022 20/06/2022 E-Books